<?xml version="1.0" encoding="UTF-8"?>
<record
    xmlns:xsi="http://www.w3.org/2001/XMLSchema-instance"
    xsi:schemaLocation="http://www.loc.gov/MARC21/slim http://www.loc.gov/standards/marcxml/schema/MARC21slim.xsd"
    xmlns="http://www.loc.gov/MARC21/slim">

  <leader>01258cam a2200277 a 4500</leader>
  <datafield tag="999" ind1=" " ind2=" ">
    <subfield code="c">26247</subfield>
    <subfield code="d">26247</subfield>
  </datafield>
  <controlfield tag="001">4034524</controlfield>
  <controlfield tag="005">20170203125439.0</controlfield>
  <controlfield tag="008">981022r19991914nyua          000 0 eng  </controlfield>
  <datafield tag="010" ind1=" " ind2=" ">
    <subfield code="a">   98031920 </subfield>
  </datafield>
  <datafield tag="020" ind1=" " ind2=" ">
    <subfield code="a">0393730352 (pbk.)</subfield>
  </datafield>
  <datafield tag="050" ind1="0" ind2="0">
    <subfield code="a">NA2500 .S4 1999</subfield>
  </datafield>
  <datafield tag="100" ind1="1" ind2=" ">
    <subfield code="a">Scott, Geoffrey,</subfield>
    <subfield code="d">1885-1929.</subfield>
  </datafield>
  <datafield tag="245" ind1="1" ind2="4">
    <subfield code="a">The architecture of humanism :</subfield>
    <subfield code="b">a study in the history of taste /</subfield>
    <subfield code="c">by Geoffrey Scott ; with a portfolio of photographs ; [with a foreword by Henry Hope Reed and a new introduction by Paul Barolsky].</subfield>
  </datafield>
  <datafield tag="260" ind1=" " ind2=" ">
    <subfield code="a">New York :</subfield>
    <subfield code="b">W.W. Norton,</subfield>
    <subfield code="c">c1999.</subfield>
  </datafield>
  <datafield tag="300" ind1=" " ind2=" ">
    <subfield code="a">1 v. (various pagings) :</subfield>
    <subfield code="b">ill. ;</subfield>
    <subfield code="c">21 cm.</subfield>
  </datafield>
  <datafield tag="440" ind1=" " ind2="4">
    <subfield code="a">The classical America series in art and architecture</subfield>
  </datafield>
  <datafield tag="500" ind1=" " ind2=" ">
    <subfield code="a">Originally published: 1914. With new introd.</subfield>
  </datafield>
  <datafield tag="650" ind1=" " ind2="0">
    <subfield code="a">Architecture.</subfield>
  </datafield>
  <datafield tag="650" ind1=" " ind2="0">
    <subfield code="a">Aesthetics.</subfield>
  </datafield>
  <datafield tag="942" ind1=" " ind2=" ">
    <subfield code="2">lcc</subfield>
    <subfield code="c">BOOKS</subfield>
  </datafield>
  <datafield tag="952" ind1=" " ind2=" ">
    <subfield code="0">0</subfield>
    <subfield code="1">0</subfield>
    <subfield code="2">lcc</subfield>
    <subfield code="4">0</subfield>
    <subfield code="7">0</subfield>
    <subfield code="a">MUC</subfield>
    <subfield code="b">MUC</subfield>
    <subfield code="c">TECH</subfield>
    <subfield code="d">2017-02-03</subfield>
    <subfield code="e">Donation(BFA)</subfield>
    <subfield code="l">0</subfield>
    <subfield code="o">NA2500 .S4 1999</subfield>
    <subfield code="p">33869</subfield>
    <subfield code="r">2018-07-11</subfield>
    <subfield code="w">2017-02-03</subfield>
    <subfield code="y">BOOKS</subfield>
  </datafield>
</record>
